Classic Short Stories: (Record no. 202274)

MARC details
000 -LEADER
fixed length control field 00561nam a22001817a 4500
005 - DATE AND TIME OF LATEST TRANSACTION
control field 20240508170954.0
010 ## - LCCN (DPL NO)
LC control number ENG-140215
020 ## - INTERNATIONAL STANDARD BOOK NUMBER
Terms of availability 695.00
International Standard Book Number 9788188643868
035 ## - SYSTEM CONTROL NUMBER
System control number EN-123747
037 ## - SOURCE OF ACQUISITION
Source of stock number/acquisition DBAD
082 ## - DEWEY DECIMAL CLASSIFICATION NUMBER
Classification number S
245 ## - TITLE STATEMENT
Title Classic Short Stories:
Remainder of title The Best from Indian Regions/
Statement of responsibility, etc Edited by Sitesh Alok
260 ## - PUBLICATION, DISTRIBUTION, ETC. (IMPRINT)
Place of publication, distribution, etc Delhi
Name of publisher, distributor, etc Akshaya Prakshan
Date of publication, distribution, etc 2023
270 ## - ADDRESS
City Delhi
Address 208 M.G. House, 2 Community Centre, Wazirpur Industrial Area
Postal code 110052
300 ## - PHYSICAL DESCRIPTION
Extent 429p.
Dimensions 22cm(pbk)
700 ## - ADDED ENTRY--PERSONAL NAME
Personal name Edited by Sitesh Alok
9 (RLIN) 64893
942 ## - ADDED ENTRY ELEMENTS (KOHA)
Source of classification or shelving scheme Dewey Decimal Classification
Item type English Books
Classification part S
Call number suffix REG
Holdings
Withdrawn status Lost status Not for loan Collection code Home library Current library Date acquired Source of acquisition Cost, normal purchase price Full call number Barcode Copy number Cost, replacement price Koha item type
      Fiction Ashok Vihar Ashok Vihar 18/04/2024 DBAD 695.00 S REG EN-123747 1 695.00 English Books

© Delhi Public Library
Hit Counter
free hit counter